01423nam a2200385 a 450000100060000000300080000600500170001400600190003100700150005000800410006502000180010603500230012403500240014703500250017103500220019604000260021805000210024408000110026508200150027610000310029124501730032226000570049530000150055253301640056765000320073165000160076365000190077965300270079865500270082570000430085270000440089571000190093985600620095899900170102089597FlNmELB20241217171854.0m o d | cr cn|||||||||201003r1997 mx |||||s|||||||||||spa d z9789701805459 a(MiAaPQ)EBC3187725 a(Au-PeEL)EBL3187725 a(CaPaEBR)ebr10366118 a(OCoLC)1010510081 aFlNmELBbspacFlNmELB 4aQH301bF818 1997 a519.2204a574.052221 aFrancis García, Ramón.10aEstadística matemática I. Tomo I, segunda parteh[recurso electronico] /cRamón Francis García, Aída Rodríguez Hernández, Juan Rafael Sánchez Álvarez. aMéxico :bInstituto Politécnico Nacional,c1997. a158-317 p. aRecurso electrónico. Santa Fe, Arg.: e-libro, 2015. Disponible vía World Wide Web. El acceso puede estar limitado para las bibliotecas afiliadas a e-libro. 4aEstadística matemática. 4aStatistics. 4aProbabilities. aEstadistica matematica 4aLibros electrónicos.1 aRodríguez Hernández, Aída,eaut.1 aSánchez Álvarez, Juan Rafael,eaut.2 ae-libro, Corp.40uhttps://elibro.net/ereader/politecnicointernacional/73948 c89597d89597